Bookworm short stories 44

Bibliographic Details
Format: Book
Published: Singapore : Bookworm , 1992
Series:Bookworm club
Subjects:

MARC

LEADER 00000cam a2200000 7i4500
001 0000008007
002 000008741
005 20011205.0
020 |a 981302304X 
090 0 0 |a JF   |b BOO 
245 0 0 |a Bookworm short stories 44 
260 |a Singapore :   |b Bookworm ,   |c 1992 
300 |a 75p. :   |b ill. ;   |c 21cm. 
490 0 |a Bookworm club 
650 0 0 |a Children's stories 
999 |a 050782   |b BUKU   |c PINJAMAN   |e PERPUSTAKAAN KOMUNITI PETALING JAYA 
999 |a 050783   |b BUKU   |c PINJAMAN   |e PERPUSTAKAAN KOMUNITI PETALING JAYA 
999 |a 050784   |b BUKU   |c PINJAMAN   |e PERPUSTAKAAN KOMUNITI PETALING JAYA